000 00315nam a2200133Ia 4500
100 _aDrucker/ Peter F./ Karamchandani/ C.J.
942 _cBK
654 _aManaging for results
245 _aManaging for results
260 _bAllied pub.
_aNew Delhi
_c1980
082 _a658.4
300 _a240
546 _aENGLISH
999 _c23696
_d23696